ბათუმის შოთა რუსთაველის სახელმწიფო უნივერსიტეტის ბიბლიოთეკა

Избирательное право : (ბიბ.ჩანაწერი № 36034)

000 -LEADER
fixed length control field 00928nam a2200241Ia 4500
001 - CONTROL NUMBER
control field 1933
003 - CONTROL NUMBER IDENTIFIER
control field GE_BSU
005 - DATE AND TIME OF LATEST TRANSACTION
control field 20221011141738.0
008 - FIXED-LENGTH DATA ELEMENTS--GENERAL INFORMATION
fixed length control field 181216s2007ru xx |||||||||||||| ||rus||
020 ## - INTERNATIONAL STANDARD BOOK NUMBER
International Standard Book Number 9785238011868
040 ## - CATALOGING SOURCE
Transcribing agency GE_BSU
041 ## - LANGUAGE CODE
Language code of text/sound track or separate title rus
080 ## - UNIVERSAL DECIMAL CLASSIFICATION NUMBER
Universal Decimal Classification number 342.8(470)(075.8) А-79
245 ## - TITLE STATEMENT
Title Избирательное право :
Remainder of title Учебное пособие для сеудентов вузов /
Statement of responsibility, etc. Под. ред. К.К. Гасанова, А.С Прудникова
245 ## - TITLE STATEMENT
Remainder of title 2-ое изд. перер.и доп.
264 ## - PRODUCTION, PUBLICATION, DISTRIBUTION, MANUFACTURE, AND COPYRIGHT NOTICE
Place of production, publication, distribution, manufacture Москва :
Name of producer, publisher, distributor, manufacturer Юнити.Заккон и право,
Date of production, publication, distribution, manufacture, or copyright notice 2007.
300 ## - PHYSICAL DESCRIPTION
Extent 415 с.:
Other physical details 21 см.
653 ## - INDEX TERM--UNCONTROLLED
keyword Избирательное право
653 ## - INDEX TERM--UNCONTROLLED
keyword საარჩევნო სამართალი
653 ## - INDEX TERM--UNCONTROLLED
keyword სამართალი
700 ## - ADDED ENTRY--PERSONAL NAME
Personal name Григорьевой, Е.А.
Relator term რედაქტორი
9 (RLIN) 15224
942 ## - ADDED ENTRY ELEMENTS (KOHA)
Koha item type წიგნი
Source of classification or shelving scheme
ეგზემპლარები
Withdrawn status Lost status Source of classification or shelving scheme Damaged status Not for loan Permanent Location Current Location Shelving location Date acquired Cost, normal purchase price Full call number Barcode Date last seen Copy number Price effective from Koha item type Public note
          ბათუმის შოთა რუსთაველის სახელმწიფო უნივერსიტეტის მთავარი ბიბლიოთეკა ბათუმის შოთა რუსთაველის სახელმწიფო უნივერსიტეტის მთავარი ბიბლიოთეკა წიგნსაცავი 2018-12-17 15.00 342.8(470)(075.8) А-79 3943 2018-12-17 3943 2018-12-17 წიგნი 15.00